000 01995nam a2200445Ia 4500
001 ebr10216919
003 CaPaEBR
006 m u
007 cr cn|||||||||
008 910530s1991 ilua sb 101 0 eng d
010 _z 90024954
020 _z0226000958 (acid-free paper)
020 _z9780226000954
020 _z9780226000961
040 _aCaPaEBR
_cCaPaEBR
035 _a(OCoLC)212407640
050 1 4 _aHD8081.A5
_bI53 1991eb
245 0 0 _aImmigration, trade, and the labor market
_h[electronic resource] /
_cedited by John M. Abowd and Richard B. Freeman.
260 _aChicago :
_bUniversity of Chicago Press,
_c1991.
300 _aviii, 432 p. :
_bill.
490 1 _aNational Bureau of Economic Research project paper
500 _a"Papers presented at a conference held in Cambridge, Massachusetts, 11-12 September 1987"--Pref.
504 _aIncludes bibliographical references and indexes.
533 _aElectronic reproduction.
_bPalo Alto, Calif. :
_cebrary,
_d2011.
_nAvailable via World Wide Web.
_nAccess may be limited to ebrary affiliated libraries.
650 0 _aForeign workers
_zAustralia
_vCongresses.
650 0 _aForeign workers
_zCanada
_vCongresses.
650 0 _aForeign workers
_zUnited States
_vCongresses.
650 0 _aForeign trade and employment
_zAustralia
_vCongresses.
650 0 _aForeign trade and employment
_zCanada
_vCongresses.
650 0 _aForeign trade and employment
_zUnited States
_vCongresses.
650 0 _aLabor market
_zAustralia
_vCongresses.
650 0 _aLabor market
_zCanada
_vCongresses.
650 0 _aLabor market
_zUnited States
_vCongresses.
655 7 _aElectronic books.
_2local
700 1 _aAbowd, John M.
700 1 _aFreeman, Richard B.
_q(Richard Barry),
_d1943-
710 2 _aebrary, Inc.
830 0 _aNational Bureau of Economic Research project paper.
856 4 0 _uhttp://site.ebrary.com/lib/rucke/Doc?id=10216919
_zAn electronic book accessible through the World Wide Web; click to view
999 _c128605
_d128605